000 00681nam a2200121Ia 4500
008 220620s9999||||xx |||||||||||||| ||und||
100 _aAbdullah, Abdulkareem S.||Al-Behadili, Hasanain A. H.||Abdulkhaleq, Ahmed M.||Ojaroudi Parchin, Naser||Al-Yasir, Yasir I. A.||Abd-Alhameed, Raed A.||Sawadi, Baha A.
245 0 _aChapter New Radiation Pattern-Reconfigurable 60-GHz Antenna for 5G Communications
546 _aEnglish[eng]
650 _abeam steering, 5G antennas, microstrip antennas, NMOS, reconfigurable antennas
856 _uhttps://library.oapen.org/bitstream/20.500.12657/49297/1/69031.pdf||https://library.oapen.org/bitstream/20.500.12657/49297/1/69031.pdf
942 _cEB
999 _c34035
_d34035